| 000 | 00345 a2200133 4500 | ||
|---|---|---|---|
| 001 | 65803 | ||
| 040 | _cAnchieta - Pituba | ||
| 100 | _aAlmeida, Marana | ||
| 240 | 1 | 0 |
_a1ª Avaliação de Língua Portuguesa, 8º ano _lpor |
| 245 | 1 | 0 | _a1ª Avaliação de Língua Portuguesa, 8º ano |
| 362 | 0 | _a2018 | |
| 650 | 4 | _aLíngua Portuguesa | |
| 942 | _cBK | ||
| 999 |
_c65803 _d65803 |
||